Normal view
MARC view
Entry Personal Name
001 - CONTROL NUMBER
- control field: 15260
003 - CONTROL NUMBER IDENTIFIER
- control field: BD-RjUL
005 - DATE AND TIME OF LATEST TRANSACTION
- control field: 20250416163156.0
008 - FIXED-LENGTH DATA ELEMENTS
- fixed length control field: 250416|| aca||aabn | a|a d
040 ## - CATALOGING SOURCE
- Original cataloging agency: BD-RjUL
- Transcribing agency: BD-RjUL
100 ## - HEADING--PERSONAL NAME
- Personal name: Shakespeare, William,
- Dates associated with a name: 1564-1616
- General subdivision: Encyclopedias
670 ## - SOURCE DATA FOUND
- Source citation: Work cat.: (BD-RjUL)84821: The reader's encyclopedia of Shakespeare /, 1966